| 000 | 01468nam a22002897a 4500 | ||
|---|---|---|---|
| 999 |
_c121969 _d121969 |
||
| 003 | dpl | ||
| 005 | 20190220114527.0 | ||
| 008 | 190220b ||||| |||| 00| 0 eng d | ||
| 010 | _aB-063905 | ||
| 020 | _c100.00 | ||
| 035 | _aB-063905. B-063903 | ||
| 037 | _bCen Lib/Ret | ||
| 040 |
_aDPL _bHN _c0 |
||
| 082 |
_a823.08 _bसांकृत्य |
||
| 245 |
_aराहुल कथा साहित्य / _cसंपादक गोविन्द चन्द्र पाण्डे, उदय शंकर तिवारी [और] कृपा शंकर पाण्डे |
||
| 246 |
_aRahul katha sahitya _bby Govind Chandr Panday, Uday Sankar Tiwari [and] Kripa Sankar Panday |
||
| 260 |
_aइलाहाबाद _bइलाहाबाद संग्रहालय _c1994 |
||
| 270 |
_aनिर्देशक, इलाहाबाद संग्रहालय, इलाहाबाद चन्द्रशेखर आजाद पार्क, _bइलाहाबाद _e299002 |
||
| 300 |
_a134पृ. _c20सजिल्द |
||
| 650 |
_aहिंदी साहित्य _9117535 |
||
| 650 |
_aकथा साहित्य _94735 |
||
| 650 |
_aHindi litericher _9117536 |
||
| 650 |
_ahindi- novel _9117537 |
||
| 700 |
_aतिवारी, उदय शंकर _946829 |
||
| 700 |
_aपाण्डे, कृपा शंकर _9117538 |
||
| 942 |
_2ddc _cHN _h823.08 _mसांकृत्य |
||